Films Pixar - Statistiques

Statistiques générales
  • Ce quiz a été pris 270 fois
  • Le résultat moyen est 17 sur 28
Statistiques - réponses
Hint Réponse % Correct
1995 Toy Story
92%
2006 Cars
84%
1999 Toy Story 2
82%
2010 Toy Story 3
82%
2019 Toy Story 4
80%
2011 Cars 2
78%
2017 Cars 3
75%
2015 Vice-Versa
71%
2007 Ratatouille
67%
2009 Là-Haut
66%
2004 Les Indestructibles
66%
2024 Vice-Versa 2
63%
2003 Le Monde de Nemo
61%
2008 Wall-E
60%
2018 Les Indestructibles 2
58%
2012 Rebelle
58%
2017 Coco
57%
2021 Luca
57%
2020 Soul
57%
1998 1001 Pattes
54%
2016 Le Monde de Dory
53%
2022 Alerte Rouge
51%
2023 Élémentaire
45%
2015 Le Voyage d’Arlo
38%
2022 Buzz l’Éclair
36%
2020 En Avant
36%
2013 Monstres Academy
36%
2001 Monstres & Cie
30%
Aucun quiz correspondant
Distribution des résultats
% des personnes avec chaque résultat
Percentile par nombre de réponses
Votre historique - résultats
Vous n’avez pas pris ce quiz